000 01897cam a22004098i 4500
999 _c9404
_d9404
001 22108679
003 GBCCL
005 20241126110711.0
008 210701s2022 ilu b 001 0 eng
010 _a 2021030978
020 _a9781433565908
_q(hardcover)
020 _z9781433581755
_q(pdf)
020 _z9781433581762
_q(mobi)
020 _z9781433581779
_q(epub)
020 _z1589606027
020 _z9781589606029
040 _aDLC
_beng
_erda
_cDLC
042 _apcc
050 0 0 _aBT130
_b.C43 2022
082 0 0 _a231.4
_223
_bCHA
100 1 _aCharnock, Stephen,
_d1628-1680,
_eauthor.
_916387
245 1 4 _aThe existence and attributes of God
_cStephen Charnock
250 _a2 volumes in 1
264 _aLafayette :
_bSovereign grace publishers,
_c2001.
300 _a802
336 _atext
_btxt
_2rdacontent
337 _aunmediated
_bn
_2rdamedia
338 _avolume
_bnc
_2rdacarrier
504 _aIncludes bibliographical references and index.
520 _a"In this two-volume work, Stephen Charnock mines in detail the biblical witness concerning God's existence and attributes, and he articulates a theology of God's being and nature. This classic work by a Puritan theologian opens up a window into who God is and howe we can best conceive of him. This updated edition of Charnock's seventeenth-century work, edited by Mark Jones, makes his content accessible to a new generation of readers"--
_cProvided by publisher.
650 0 _aGod (Christianity)
_xAttributes.
_98525
650 0 _aGod
_xProof.
_96063
776 0 8 _iOnline version:
_aCharnock, Stephen, 1628-1680
_tExistence and attributes of God
_dWheaton, Illinois : Crossway, 2022
_z9781433581755
_w(DLC) 2021030979
906 _a0
_bvip
_corignew
_d1
_eecip
_f20
_gy-gencatlg
942 _2ddc
_cBK
_01